000 00589nam a2200217Ia 4500
005 20241129115934.0
008 241129s9999||||xx |||||||||||||| ||und||
020 _a9780198089391
037 _aTB
040 _aSDCL
_beng
_cSDCL
041 _aeng
_2eng
084 _aV21:24'P, R1
_qSDCL
100 _aGurukkal Rajan
_9619648
245 0 _aSocial formations of early south India
260 _aNew Delhi
_bOxford University Press
_c2021
300 _axiv,354p.
365 _aINR
_b545
650 _aReference
942 _cTB
_hV21:24'P, R1
999 _c1232666
_d1232666